<?xml version="1.0" encoding="UTF-8"?>
<record
    xmlns:xsi="http://www.w3.org/2001/XMLSchema-instance"
    xsi:schemaLocation="http://www.loc.gov/MARC21/slim http://www.loc.gov/standards/marcxml/schema/MARC21slim.xsd"
    xmlns="http://www.loc.gov/MARC21/slim">

  <leader>00721nam a22001577a 4500</leader>
  <controlfield tag="003">OSt</controlfield>
  <controlfield tag="005">20160106144556.0</controlfield>
  <controlfield tag="008">160106b        xxu||||| |||| 00| 0 eng d</controlfield>
  <datafield tag="040" ind1=" " ind2=" ">
    <subfield code="c">RUA</subfield>
  </datafield>
  <datafield tag="082" ind1=" " ind2=" ">
    <subfield code="a">LMA NEA 2011 B310 Or.1</subfield>
  </datafield>
  <datafield tag="100" ind1=" " ind2=" ">
    <subfield code="9">6139</subfield>
    <subfield code="a">NEAK, CVANSOS.</subfield>
  </datafield>
  <datafield tag="245" ind1=" " ind2=" ">
    <subfield code="a">Study on land market from year 2000-2010 at kampong samnanh commune takhmao town kandal province, &#x1780;&#x17B6;&#x179A;&#x179F;&#x17B7;&#x1780;&#x17D2;&#x179F;&#x17B6;&#x1796;&#x17B8;&#x1791;&#x17B8;&#x1795;&#x17D2;&#x179F;&#x17B6;&#x179A;&#x178A;&#x17B8;&#x1792;&#x17D2;&#x179B;&#x17B8;&#x1785;&#x17B6;&#x1794;&#x17CB;&#x1796;&#x17B8;&#x1786;&#x17D2;&#x1793;&#x17B6;&#x17C6;&#x17E2;&#x17E0;&#x17E0;&#x17E0;-&#x17E2;&#x17E0;&#x17E1;&#x17E0; &#x1793;&#x17C5;&#x179F;&#x1784;&#x17D2;&#x1780;&#x17B6;&#x178F;&#x17CB;&#x1780;&#x17C6;&#x1796;&#x1784;&#x17CB;&#x179F;&#x17C6;&#x1793;&#x17B6;&#x1789;&#x17CB;&#x1780;&#x17D2;&#x179A;&#x17BB;&#x1784;&#x178F;&#x17B6;&#x1781;&#x17D2;&#x1798;&#x17C5; &#x1781;&#x17C1;&#x178F;&#x17D2;&#x178F;&#x1780;&#x178E;&#x17D2;&#x178A;&#x17B6;&#x179B;</subfield>
  </datafield>
  <datafield tag="260" ind1=" " ind2=" ">
    <subfield code="a">Phnom Penh</subfield>
    <subfield code="b">RUA</subfield>
    <subfield code="c">2011</subfield>
  </datafield>
  <datafield tag="300" ind1=" " ind2=" ">
    <subfield code="a">xi; 54p.</subfield>
    <subfield code="b">ill.</subfield>
    <subfield code="c">29cm.</subfield>
  </datafield>
  <datafield tag="942" ind1=" " ind2=" ">
    <subfield code="2">ddc</subfield>
    <subfield code="c">LMA</subfield>
  </datafield>
  <datafield tag="999" ind1=" " ind2=" ">
    <subfield code="c">5720</subfield>
    <subfield code="d">5720</subfield>
  </datafield>
  <datafield tag="952" ind1=" " ind2=" ">
    <subfield code="0">0</subfield>
    <subfield code="1">0</subfield>
    <subfield code="2">ddc</subfield>
    <subfield code="4">0</subfield>
    <subfield code="6">LMA_NEA_2011_000000000000000_B310_OR_1</subfield>
    <subfield code="7">0</subfield>
    <subfield code="9">31271</subfield>
    <subfield code="a">LBB</subfield>
    <subfield code="b">LBB</subfield>
    <subfield code="c"> 	B310</subfield>
    <subfield code="d">2016-01-06</subfield>
    <subfield code="l">1</subfield>
    <subfield code="o">LMA NEA 2011 B310 Or.1</subfield>
    <subfield code="p">RUA016962</subfield>
    <subfield code="r">2024-08-26</subfield>
    <subfield code="s">2024-08-19</subfield>
    <subfield code="w">2016-01-06</subfield>
    <subfield code="y">LMA</subfield>
  </datafield>
  <datafield tag="952" ind1=" " ind2=" ">
    <subfield code="0">0</subfield>
    <subfield code="1">0</subfield>
    <subfield code="2">ddc</subfield>
    <subfield code="4">0</subfield>
    <subfield code="6">LMA_NEA_2011_000000000000000_B310_OR_2</subfield>
    <subfield code="7">0</subfield>
    <subfield code="9">31272</subfield>
    <subfield code="a">LBB</subfield>
    <subfield code="b">LBB</subfield>
    <subfield code="c"> 	B310</subfield>
    <subfield code="d">2016-01-06</subfield>
    <subfield code="o">LMA NEA 2011 B310 Or.2</subfield>
    <subfield code="p">RUA025702</subfield>
    <subfield code="r">2016-01-06</subfield>
    <subfield code="w">2016-01-06</subfield>
    <subfield code="y">LMA</subfield>
  </datafield>
  <datafield tag="952" ind1=" " ind2=" ">
    <subfield code="0">0</subfield>
    <subfield code="1">0</subfield>
    <subfield code="2">ddc</subfield>
    <subfield code="4">0</subfield>
    <subfield code="6">LMA_NEA_2011_000000000000000_B310_OR_3</subfield>
    <subfield code="7">0</subfield>
    <subfield code="9">31273</subfield>
    <subfield code="a">LBB</subfield>
    <subfield code="b">LBB</subfield>
    <subfield code="c"> 	B310</subfield>
    <subfield code="d">2016-01-06</subfield>
    <subfield code="l">2</subfield>
    <subfield code="o">LMA NEA 2011 B310 Or.3</subfield>
    <subfield code="p">RUA018612</subfield>
    <subfield code="r">2024-11-22</subfield>
    <subfield code="s">2024-10-16</subfield>
    <subfield code="w">2016-01-06</subfield>
    <subfield code="y">LMA</subfield>
  </datafield>
  <datafield tag="952" ind1=" " ind2=" ">
    <subfield code="0">0</subfield>
    <subfield code="1">0</subfield>
    <subfield code="2">ddc</subfield>
    <subfield code="4">0</subfield>
    <subfield code="6">LMA_NEA_2011_000000000000000_B310_OR_4</subfield>
    <subfield code="7">0</subfield>
    <subfield code="9">31274</subfield>
    <subfield code="a">LBB</subfield>
    <subfield code="b">LBB</subfield>
    <subfield code="c"> 	B310</subfield>
    <subfield code="d">2016-01-06</subfield>
    <subfield code="o">LMA NEA 2011 B310 Or.4</subfield>
    <subfield code="p">RUA018685</subfield>
    <subfield code="r">2016-01-06</subfield>
    <subfield code="w">2016-01-06</subfield>
    <subfield code="y">LMA</subfield>
  </datafield>
  <datafield tag="952" ind1=" " ind2=" ">
    <subfield code="0">0</subfield>
    <subfield code="1">0</subfield>
    <subfield code="2">ddc</subfield>
    <subfield code="4">0</subfield>
    <subfield code="6">LMA_NEA_2011_000000000000000_B310_OR_5</subfield>
    <subfield code="7">0</subfield>
    <subfield code="9">31275</subfield>
    <subfield code="a">LBB</subfield>
    <subfield code="b">LBB</subfield>
    <subfield code="c"> 	B310</subfield>
    <subfield code="d">2016-01-06</subfield>
    <subfield code="l">2</subfield>
    <subfield code="o">LMA NEA 2011 B310 Or.5</subfield>
    <subfield code="p">RUA018528</subfield>
    <subfield code="r">2017-08-11</subfield>
    <subfield code="s">2017-08-02</subfield>
    <subfield code="w">2016-01-06</subfield>
    <subfield code="y">LMA</subfield>
  </datafield>
  <datafield tag="952" ind1=" " ind2=" ">
    <subfield code="0">0</subfield>
    <subfield code="1">0</subfield>
    <subfield code="2">ddc</subfield>
    <subfield code="4">0</subfield>
    <subfield code="6">LMA_NEA_2011_000000000000000_B310_OR_6</subfield>
    <subfield code="7">0</subfield>
    <subfield code="9">31276</subfield>
    <subfield code="a">LBB</subfield>
    <subfield code="b">LBB</subfield>
    <subfield code="c"> 	B310</subfield>
    <subfield code="d">2016-01-06</subfield>
    <subfield code="l">1</subfield>
    <subfield code="o">LMA NEA 2011 B310 Or.6</subfield>
    <subfield code="p">RUA018684</subfield>
    <subfield code="r">2017-10-17</subfield>
    <subfield code="s">2017-09-29</subfield>
    <subfield code="w">2016-01-06</subfield>
    <subfield code="y">LMA</subfield>
  </datafield>
  <datafield tag="952" ind1=" " ind2=" ">
    <subfield code="0">0</subfield>
    <subfield code="1">0</subfield>
    <subfield code="2">ddc</subfield>
    <subfield code="4">0</subfield>
    <subfield code="6">LMA_NEA_2011_000000000000000_B310_OR_7</subfield>
    <subfield code="7">0</subfield>
    <subfield code="9">31277</subfield>
    <subfield code="a">LBB</subfield>
    <subfield code="b">LBB</subfield>
    <subfield code="c"> 	B310</subfield>
    <subfield code="d">2016-01-06</subfield>
    <subfield code="l">2</subfield>
    <subfield code="o">LMA NEA 2011 B310 Or.7</subfield>
    <subfield code="p">RUA018762</subfield>
    <subfield code="r">2019-01-22</subfield>
    <subfield code="s">2019-01-08</subfield>
    <subfield code="w">2016-01-06</subfield>
    <subfield code="y">LMA</subfield>
  </datafield>
</record>
